000 00674nam a2200229Ia 4500
003 OSt
005 20220923213001.0
006 a|||||r|||| 00| 0
007 ta
008 220922b |||||||| |||| 00| 0 hin d
024 _a157,859
037 _cTextual
040 _aARTS
_cARTS
_bhin
041 _2hin
_ahin
082 _aO152:1x, J51
100 _aराम इक़बाल सिंह, राकेश
_9162869
245 0 _aमैथिली लोकगीत
246 _aMaithilī lokagīta
260 _c1955
942 _hO152:1x, J51
_cTEXL
_2CC
999 _c312882
_d312882